000 00648cam a22002413a 4500
001 22102
003 PGUSA
005 20140828083454.0
008 070719s2007||||xxu|||||s|||||000 1 eng d
040 _aPGUSA
_beng
042 _adc
050 4 _aPS
100 1 _aCoppel, Alfred,
_d1921-2004
245 1 4 _aThe Hills of Home
_h[electronic resource] /
_cAlfred Coppel
260 _bProject Gutenberg,
_c2007
506 _aPublic domain in the USA.
516 _aElectronic text
653 _aScience fiction
653 _aShort stories
830 0 _aProject Gutenberg
_v22102
856 4 0 _uhttp://www.gutenberg.org/ebooks/22102
942 _cEB
999 _c251357
_d251357